| 000 | 00382nam a2200145Ia 4500 | ||
|---|---|---|---|
| 008 | 100122s9999 xx 000 0 und d | ||
| 082 |
_b38439 _a332.401 |
||
| 100 | _aMATHUR G | ||
| 245 | _aPLANNING FOR STEADY GROWTH | ||
| 260 |
_bOXFORD UNIVERSITY PRESS _c1905 |
||
| 300 | _a386 | ||
| 630 | _aPLANNING FOR STEADY GROWTH | ||
| 730 | _aPLANNING FOR STEADY GROWTH | ||
| 942 | _cBOOK | ||
| 999 |
_c371971 _d371968 |
||